Statistics for The twenty most populous countries in 1950, 2000 and 2050

Click here to take the quiz!

General Stats

  • This quiz has been taken 477 times
  • The average score is 56 of 60

Answer Stats

Population States % Correct
1554.7China
100%
2357.5India
100%
3157.8USA
100%
4102.2Russia
99%
679.5Indonesia
99%
768.4Germany
99%
950.6United Kingdom
99%
853.9Brazil
98%
1827.7Mexico
97%
1141.8France
97%
1530.7Nigeria
96%
1339.5Pakistan
96%
1047.1Italy
95%
583.6Japan
95%
2021.8Egypt
94%
1765.6Turkey
94%
1241.8Bangladesh
93%
1728.0Spain
91%
1666.8Iran
91%
1629.9Viet Nam
89%
1960.9Thailand
85%
1861.1Ethiopia
84%
10160.3RD Congo
81%
1474.5Philippines
76%
1924.8Poland
74%
1980.6Tanzania
67%
1436.9Ukraine
65%

Score Distribution

Percentile by Number Answered

Percent of People with Each Score

Your Score History

You have not taken this quiz